| 000 | 00725nam a2200265Ia 4500 | ||
|---|---|---|---|
| 008 | 160404s9999 xx 000 0 und d | ||
| 020 | _a978-971-431-554-9 | ||
| 050 | _aFIL HF 5726 | ||
| 050 | _b.S53 2010 c.1 | ||
| 100 | _aSicat, Ma. Aurora L. | ||
| 245 | _aHow to write effective business letters / | ||
| 245 | _cMa. Aurora L. Sicat. | ||
| 260 | _aQuezon City: | ||
| 260 | _bBookware Pub. Corp., | ||
| 260 | _c2010 | ||
| 300 | _a79 pages : | ||
| 300 | _billustrations ; | ||
| 300 | _c18 cm. | ||
| 440 | _aEasy Companion Books | ||
| 650 | _aBusiness communication. | ||
| 650 | _aBusiness letters. | ||
| 650 | _aCommercial correspondence. | ||
| 650 | _xBusiness writing. | ||
| 650 | _xBusiness writing. | ||
| 999 |
_c293182 _d293182 |
||